|
|
|
|
| LEADER |
00000cam a2200000 7i4500 |
| 001 |
0000001187 |
| 005 |
20140118.0 |
| 020 |
0 |
0 |
|a 9836207481
|
| 090 |
0 |
0 |
|a R630.3
|b IST 1989
|
| 245 |
0 |
0 |
|a ISTILAH pertanian :
|b Bahasa Inggeris - Bahasa Malaysia, Bahasa Malaysia - Bahasa Inggeris
|
| 260 |
0 |
0 |
|a Kuala Lumpur :
|b DBP ,
|c 1989
|
| 300 |
|
|
|a xxii, 275 p. ;
|c 14 cm.
|
| 650 |
0 |
0 |
|a Agriculture
|x Terminology
|
| 650 |
0 |
0 |
|a Horticulture
|x Terminology
|
| 650 |
0 |
0 |
|a Plants, Protection of
|x Terminology
|
| 998 |
|
|
|a JPSM
|
| 999 |
|
|
|a 0000002375
|b Monograph
|c Reference
|e Default branch
|
| 999 |
|
|
|a 0000005003
|b Monograph
|c Open Shelf
|e Default branch
|